[Event "Lisbon Portugal op"]
[Site "Lisbon"]
[Date "2019.02.09"]
[Round "9"]
[White "Santos, Antonio Pereira"]
[Black "Partoens, Remi"]
[Result "0-1"]
[WhiteElo "2162"]
[BlackElo "1904"]
[PlyCount "58"]
[EventDate "2019.02.02"]
[EventType "swiss"]
[EventRounds "9"]
[EventCountry "POR"]
[SourceTitle "CBM 188 Extra"]
[Source "ChessBase"]
[SourceDate "2019.02.26"]
[SourceVersion "1"]
[SourceVersionDate "2019.02.26"]
[SourceQuality "1"]

1. d4 Nf6 2. c4 c5 3. d5 e5 4. Nc3 d6 5. e4 Be7 6. Bd3 h5 7. a3 h4 8. b4 b6 9. h3 Nbd7 10. Nf3 Nf8 11. bxc5 bxc5 12. Rb1 Ng6 13. Bc2 Bd7 14. 0-0 Nh5 15. Ne2 0-0 16. Ba4 f5 17. Bxd7 Qxd7 18. Qc2 fxe4 19. Qxe4 Nhf4 20. Bxf4 Nxf4 21. Rfe1 Rf7 22. Rb3 Raf8 23. Nxf4 Rxf4 24. Qg6 Rxc4 25. Reb1 Bf6 26. Ng5 Bxg5 27. Rb7 Rc1+ 28. Kh2 Bf4+ 29. g3 Bxg3+ 0-1

[Event "Lisbon Portugal op"]
[Site "Lisbon"]
[Date "2019.02.02"]
[Round "1"]
[White "Martin Duque, Jesus"]
[Black "Partoens, Remi"]
[Result "1/2-1/2"]
[WhiteElo "2393"]
[BlackElo "1904"]
[PlyCount "91"]
[EventDate "2019.02.02"]
[EventType "swiss"]
[EventRounds "9"]
[EventCountry "POR"]
[SourceTitle "CBM 188 Extra"]
[Source "ChessBase"]
[SourceDate "2019.02.26"]
[SourceVersion "1"]
[SourceVersionDate "2019.02.26"]
[SourceQuality "1"]

1. e4 d5 2. exd5 Qxd5 3. Nc3 Qd6 4. d4 Nf6 5. Nf3 c6 6. g3 Bg4 7. Bg2 e6 8. 0-0 Qc7 9. Qe1 Bxf3 10. Bxf3 Nbd7 11. Bd2 Bd6 12. Ne4 Nxe4 13. Qxe4 Nf6 14. Qe2 0-0 15. c4 c5 16. dxc5 Bxc5 17. Bc3 Rad8 18. Rfd1 b6 19. Kg2 Rfe8 20. Rxd8 Rxd8 21. Rd1 Rxd1 22. Qxd1 Qe7 23. a3 a5 24. Qe1 Qd6 25. Qe5 Qxe5 26. Bxe5 Ne8 27. Bc3 Be7 28. b4 axb4 29. axb4 Bf6 30. Bd2 Bd4 31. Be2 Kf8 32. Bd3 h6 33. Kf3 Nd6 34. Ke2 Ke7 35. Be1 e5 36. Kd2 e4 37. Be2 Ke6 38. Kc2 f5 39. Kb3 Nf7 40. c5 bxc5 41. Bc4+ Ke7 42. Bxf7 Kxf7 43. Kc4 e3 44. f4 Ke6 45. bxc5 Bb2 46. Bb4 1/2-1/2

[Event "BEL-ch U20"]
[Site "Blankenberge"]
[Date "2017.04.11"]
[Round "4"]
[White "Partoens, Remi"]
[Black "Boucquet, Emile"]
[Result "0-1"]
[WhiteElo "1664"]
[BlackElo "2186"]
[PlyCount "40"]
[EventDate "2017.04.09"]
[EventType "swiss"]
[EventRounds "9"]
[EventCountry "BEL"]
[SourceTitle "CBM 178 Extra"]
[Source "ChessBase"]
[SourceDate "2017.06.22"]
[SourceVersion "1"]
[SourceVersionDate "2017.06.22"]
[SourceQuality "1"]

1. c3 d5 2. Nf3 Nf6 3. d4 e6 4. Bf4 c5 5. e3 Be7 6. Bd3 Qb6 7. b3 Nc6 8. Ne5 0-0 9. Qf3 cxd4 10. Nxc6 bxc6 11. exd4 c5 12. Be5 Ne4 13. dxc5 Bxc5 14. 0-0 f6 15. Bf4 Nxf2 16. Rxf2 e5 17. Qxd5+ Be6 18. Qxe6+ Qxe6 19. Bc4 Qxc4 20. bxc4 exf4 0-1

[Event "Brasschaat op 15th"]
[Site "Brasschaat"]
[Date "2015.08.16"]
[Round "2"]
[White "Partoens, Remi"]
[Black "Decleir, Walter"]
[Result "1-0"]
[WhiteElo "1476"]
[BlackElo "1838"]
[PlyCount "52"]
[EventDate "2015.08.15"]
[EventType "swiss"]
[EventRounds "9"]
[EventCountry "BEL"]
[SourceTitle "EXT 2016"]
[Source "ChessBase"]
[SourceDate "2015.10.08"]
[SourceVersion "1"]
[SourceVersionDate "2015.10.08"]
[SourceQuality "1"]

1. e4 a6 2. Nf3 e6 3. d4 b5 4. Bd3 Bb7 5. 0-0 c5 6. c3 Nf6 7. Re1 h6 8. Bf4 Be7 9. Nbd2 cxd4 10. cxd4 Nc6 11. Rc1 Qb6 12. Nb3 0-0 13. Nc5 Bc8 14. Bb1 d6 15. Nb3 Rd8 16. Qc2 e5 17. Bxe5 Nb4 18. Qc7 Qxc7 19. Rxc7 dxe5 20. Rxe7 Nc6 21. Rc7 Nxd4 22. Nbxd4 exd4 23. Ne5 Be6 24. Nc6 Ne8 25. Rb7 Nd6 26. Nxd8 Rxd8 1-0